Retention money - a necessary evil or a pernicious device? (Record no. 72401)
[ view plain ]
| 000 -LEADER | |
|---|---|
| fixed length control field | 01200cam a2200205 4500 |
| 001 - CONTROL NUMBER | |
| control field | ABS66492 |
| 008 - FIXED-LENGTH DATA ELEMENTS--GENERAL INFORMATION | |
| fixed length control field | 030401n2003 000 0 eng u |
| 035 ## - SYSTEM CONTROL NUMBER | |
| System control number | (Sirsi) u121841 |
| 100 ## - MAIN ENTRY--PERSONAL NAME | |
| Personal name | Maycock, T. |
| 245 ## - TITLE STATEMENT | |
| Title | Retention money - a necessary evil or a pernicious device? |
| 260 ## - PUBLICATION, DISTRIBUTION, ETC. | |
| Date of publication, distribution, etc. | 2003 |
| 490 ## - SERIES STATEMENT | |
| Series statement | Construction Law Bulletin |
| Volume/sequential designation | March 2003, 21-23(3) |
| 520 ## - SUMMARY, ETC. | |
| Summary, etc. | Reports on the advantages and disadvantages of the retention system in the light of the release of the House of Commons' Trade and Industry Committee report "The use of retentions in the UK construction industry". Advantages highlighted include the provision of a fund for rectifying defects and an incentive to a contractor to remedy defects. Disadvantages include that a contractor may not be paid in full for satisfactory work and it may present cash-flow problems for a contractor. Alternatives such as bonds, guarantees and insurance were discarded and the committee concluded their use must continue until a viable replacement is devised. |
| 590 ## - LOCAL NOTE (RLIN) | |
| Local note | ABS |
| 650 ## - SUBJECT ADDED ENTRY--TOPICAL TERM | |
| Topical term or geographic name entry element | RETENTIONS |
| 650 ## - SUBJECT ADDED ENTRY--TOPICAL TERM | |
| Topical term or geographic name entry element | BUILDING CONTRACTORS |
| 650 ## - SUBJECT ADDED ENTRY--TOPICAL TERM | |
| Topical term or geographic name entry element | DEFECTS LIABILITY |
| 690 ## - LOCAL SUBJECT ADDED ENTRY--TOPICAL TERM (OCLC, RLIN) | |
| Topical term or geographic name as entry element | BUILT ENVIRONMENT-BUILDING PATHOLOGY |
| 942 ## - ADDED ENTRY ELEMENTS (KOHA) | |
| Suppress in OPAC | 0 |
| Withdrawn status | Lost status | Source of classification or shelving scheme | Damaged status | Not for loan | Home library | Current library | Shelving location | Date acquired | Total Checkouts | Full call number | Barcode | Date last seen | Copy number | Price effective from | Koha item type |
|---|---|---|---|---|---|---|---|---|---|---|---|---|---|---|---|
| Dewey Decimal Classification | London | London | Journal article | 01/04/2003 | ABS66492 | 121841-1001 | 06/08/2019 | 1 | 06/08/2019 | Journal article |